000 00518nam a2200145Ia 4500
008 100415s9999 xx 000 0 und d
082 _b20710
_a770
100 _aHANEY, CHUCK; REDDY, JOHN.
245 _aWild and Beautiful Montana: Featuring Landscape Photography.
260 _aMONTANA
_c2002
_bAMERICAN & WORLD GEOGRAPHIC PU
365 _b1509.48
630 _aWild and Beautiful Montana: Featuring Landscape Photography.
730 _aWild and Beautiful Montana: Featuring Landscape Photography.
942 _cBOOK
999 _c603592
_d603589